Movie Word Quintets XI Quiz Stats

 Plays Quiz Updated Apr 16, 2018

Challenge
Share
Tweet
Score 0/30 Timer 08:00
1 Play Today
% Correct
How to Train Your Dragon
94.1%
Monsters, Inc.
91.4%
Air Force One
88.6%
The Girl with the Dragon Tattoo
85%
Crouching Tiger, Hidden Dragon
83.2%
Con Air
82.5%
Enter the Dragon
74.3%
Red Dragon
73.8%
Up in the Air
69.5%
Monster's Ball
67.6%
Air Bud
64.3%
Evil Dead II
63.8%
Resident Evil
61.4%
Monsters vs. Aliens
58.1%
Sleeping with the Enemy
54.5%
% Correct
Enemy at the Gates
49.1%
Behind Enemy Lines
46.5%
Kiss the Girls
44.2%
See No Evil, Hear No Evil
37.6%
Air America
35.7%
The Public Enemy
28%
The Long Kiss Goodnight
28%
Enemy Mine
26.1%
Kiss Kiss Bang Bang
24.4%
Gods and Monsters
21.7%
Little Monsters
21.5%
Touch of Evil
20.3%
The Last Kiss
13.8%
Kiss Me Deadly
5.1%
Deliver Us from Evil
4.9%

You're not logged in!

Compare scores with friends on all Sporcle quizzes.
OR
Log In

You Might Also Like...

Show Comments

Extras

Top Quizzes Today


Score Distribution

Your Account Isn't Verified!

In order to create a playlist on Sporcle, you need to verify the email address you used during registration. Go to your Sporcle Settings to finish the process.

Report this User

Report this user for behavior that violates our Community Guidelines.

Details: